000
00222 a2200097 4500
001
39898
100
_a
Lindbom Tage
245
_a
The Tares & Good Grain
260
_a
Lahore
_b
Suhail Academy
_c
1988
090
_c
24894
_d
24894
942
_a
NUST-CAE
_c
M
_c
16551
999
_c
274971
_d
274971